| 000 | 00451nam a2200169Ia 4500 | ||
|---|---|---|---|
| 005 | 20260623115554.0 | ||
| 008 | 170106s2009||||xx |||||||||||||| ||und|| | ||
| 020 |
_a9780521872904 _qhb |
||
| 082 |
_a530.41 _bSAN |
||
| 100 | _aSander, Leonard M. | ||
| 245 | 0 | _aAdvanced condensed matter physics | |
| 260 |
_aNew York _bCambridge University Press _c2009 |
||
| 300 | _aix, 274p. ; | ||
| 653 | _aPhysics | ||
| 653 | _aCondensed matter | ||
| 942 |
_cBK _2ddc |
||
| 999 |
_c9882 _d9882 |
||